000 00622cam a2200229 4500500
005 20260329004203.0
041 _afre
042 _adc
100 1 0 _aTenaillon, Nicolas
_eauthor
245 0 0 _aKimi le vieux chien
260 _c2018.
500 _a94
690 _aBande dessinée
690 _aChien
690 _aCynique
690 _aDiogène
690 _aMort
690 _aNature
690 _aNylso
786 0 _nPhilosophie magazine | 125 | 12 | 2018-12-01 | p. 43-43 | 1951-1787
856 4 1 _uhttps://shs.cairn.info/magazine-philosophie-magazine-2018-12-page-43?lang=fr&redirect-ssocas=7080
999 _c1831528
_d1831528